|
|
แสดงรายละเอียดบรรณานุกรม |
|
|
Brief Record
: Get Marc (ISO 2709)
: E-mail record
: |
|
|
| LEADER 00000nama 2200000uu 4500 | |||
| 001 197204 | |||
| 003 ULIBM | |||
| 008 040531s|||| th m m a000 0 tha d | |||
| 020 978-974-482-070-9 | |||
| 041 tha | |||
| 050 WL704 ส271อ 2550 | |||
| 100 สมภพ เรืองตระกูล. | |||
| 245 อาการปวด โรคทางจิตเวชและการรักษา / สมภพ เรืองตระกูล. | |||
| 260 กรุงเทพฯ. โรงพิมพ์เรือนแก้วการพิมพ์. 2550. | |||
| 300 317 หน้า. | |||
| 440 ตำราจิตเวชสำหรับแพทย์เวชศาสตร์ครอบครัว ชุดที่ 12. | |||
| 600 ความเจ็บปวด--การรักษา. | |||
| 650 1. ความเจ็บปวด--แง่จิตวิทยา. 2. โรคจิต--การรักษา. | |||
| 995 001 | |||
| คุณยังไม่ได้ล็อกอิน คุณสามารถมีกิจกรรมร่วมกับเว็บไซต์ได้ แต่ต้องล็อกอินก่อน :: |
|
| สถานะ | |||||||||
| 1. | หนังสือทั่วไป สถานะ=หนังสือเก่า - บริการ ณ ห้องสมุด (ห้องเหลือง) | WL704 ส271อ 2550 | On Shelf ขอยืม | ||||||
| 2. | หนังสือทั่วไป สถานะ=หนังสือเก่า - บริการ ณ ห้องสมุด (ห้องเหลือง) | WL704 ส271อ 2550 | On Shelf ขอยืม | ||||||
| [แสดง 2/2 รายการ] | |||||||||
| รายการใกล้เคียง ผู้แต่ง [สมภพ เรืองตระกูล.]
|
BibComment |
| คอมเมนท์ทรัพยากรรายการนี้ |
|
|